[Event "Aeroflot Open B 2017"]
[Site "masterchessopen.com Moscow RUS"]
[Date "2017.02.23"]
[Round "3.58"]
[White "Basencyan,M"]
[Black "Kathmale,S"]
[Result "1-0"]
[WhiteElo "2191"]
[BlackElo "2323"]

1.d4 Nf6 2.c4 g6 3.Nc3 Bg7 4.e4 d6 5.Nf3 O-O 6.Be2 Bg4 7.O-O Nfd7 8.Be3 e5
9.d5 a5 10.Ne1 Bxe2 11.Qxe2 Na6 12.Nd3 f5 13.f3 Ndc5 14.Rad1 Nxd3 15.Qxd3 Rf7
16.a3 Qh4 17.Bf2 Qg5 18.Qb1 Nc5 19.b4 axb4 20.axb4 fxe4 21.h4 Qf4 22.bxc5 e3
23.Be1 Qxc4 24.Qxb7 Raf8 25.cxd6 cxd6 26.Qc6 Qb3 27.Rb1 Qc2 28.Bg3 Bh6 29.Ne4
Qxc6 30.dxc6 d5 31.Ng5 Re7 32.c7 Rc8 33.Rb8 Rxc7 34.Rxc8+ Rxc8 35.Bxe5 Bf8
36.Bd4 Bc5 37.Ne6 Bd6 38.f4 Re8 39.Nc5 e2 40.Re1 Bxf4 41.Kf2 Bd6 42.Nd7 Kf7
43.Nf6 Rc8 44.Nxh7 Ke6 45.Rxe2+ Kf5 46.Kf3 g5 47.Nxg5 {#r} 1-0

[Event "Aeroflot Open B 2017"]
[Site "masterchessopen.com Moscow RUS"]
[Date "2017.02.23"]
[Round "3.59"]
[White "Murzin,Volodar"]
[Black "Khomeriki,N"]
[Result "0-1"]
[WhiteElo "2079"]
[BlackElo "2317"]

1.e4 e5 2.Nf3 Nc6 3.Bb5 a6 4.Ba4 Nf6 5.O-O Be7 6.Re1 b5 7.Bb3 d6 8.c3 O-O 9.h3
Nd7 10.d4 Bf6 11.d5 Ne7 12.Nbd2 Nb6 13.Nf1 Ng6 14.Ng3 Nh4 15.Bc2 Bd7 16.b3
Nxf3+ 17.Qxf3 Bg5 18.Be3 Rc8 19.Rad1 c6 20.dxc6 Rxc6 21.Nf5 Bxe3 22.Rxe3 Qf6
23.Ng3 Qxf3 24.Rxf3 Be6 25.Rfd3 Rd8 26.f3 Kf8 27.Ne2 Ke7 28.Kf2 a5 29.Rb1 Rd7
30.f4 f6 31.Rg3 g6 32.h4 Rdc7 33.fxe5 dxe5 34.Bd3 b4 35.c4 Nd7 36.Bc2 Nc5
37.Rd1 a4 38.Nc1 axb3 39.axb3 Ra7 40.Re3 Bg4 41.Rd2 Ra3 42.Nd3 Rd6 43.Re1 Ra2
44.Kg3 Nxd3 45.Rxd3 Rxc2 46.Rxd6 Rc3+ {#R} 0-1

[Event "WCh Women 2017"]
[Site "masterchessopen.com Tehran IRI"]
[Date "2017.02.23"]
[Round "5.1"]
[White "Tan Zhongyi"]
[Black "Harika,D"]
[Result "1-0"]
[WhiteElo "2502"]
[BlackElo "2539"]

1.d4 e6 2.c4 Nf6 3.Nc3 Bb4 4.e3 O-O 5.Bd3 c5 6.Nf3 d5 7.O-O cxd4 8.exd4 dxc4
9.Bxc4 b6 10.Bg5 Bb7 11.Qe2 Bxc3 12.bxc3 Nbd7 13.Bd3 Qc7 14.Rac1 Ng4 15.Be4
Rfe8 16.h3 Bxe4 17.Qxe4 Ngf6 18.Qe2 Rac8 19.c4 Qb7 20.Rfe1 Qa6 21.Ne5 Nxe5
22.dxe5 Nd7 23.Qg4 Kh8 24.Qh5 Kg8 25.Qg4 Kh8 26.Re4 Qa3 27.Rd1 Nf8 28.h4 Qc3
29.h5 h6 30.Bh4 Rc7 31.Red4 Qc2 32.R1d3 Rc5 33.Rg3 Qh7 34.Rf4 Rc7 35.Qf3 Nd7
36.Qe2 Rf8 37.Be7 Rg8 38.Bd6 Rcc8 39.Rxf7 Qb1+ 40.Kh2 Nc5 41.Qe3 Qh7 42.Rg6 a5
43.Be7 Rc7 44.Rxh6 {#r} 1-0

[Event "Graz Open A 2017"]
[Site "masterchessopen.com Graz AUT"]
[Date "2017.02.23"]
[Round "5.3"]
[White "Tomczak,Mikolaj"]
[Black "Hauge,Lars Oskar"]
[Result "1-0"]
[WhiteElo "2335"]
[BlackElo "2450"]

1.Nf3 e6 2.d4 f5 3.c4 Nf6 4.g3 Be7 5.Bg2 O-O 6.O-O d6 7.Nc3 a5 8.Re1 Ne4 9.Qc2
Nxc3 10.Qxc3 d5 11.Rd1 c6 12.Ne5 Nd7 13.Nxd7 Bxd7 14.Bf4 Be8 15.b3 Bh5 16.Bf3
Bxf3 17.exf3 dxc4 18.bxc4 b5 19.d5 cxd5 20.cxd5 Bf6 21.Be5 exd5 22.Qc6 Bxe5
23.Qe6+ Rf7 24.Qxe5 Rd7 25.Qxf5 b4 26.Rd4 Ra6 27.Rc1 Rf6 28.Qd3 Rfd6 29.Rc5
Qa8 30.Kg2 Qa6 31.Qe3 h6 32.Qe8+ Kh7 33.Rc8 Qb6 34.Rg4 Rg6 35.Qg8# 1-0

[Event "Graz Open A 2017"]
[Site "masterchessopen.com Graz AUT"]
[Date "2017.02.23"]
[Round "5.9"]
[White "Esen,B"]
[Black "Schoppen,Casper"]
[Result "1-0"]
[WhiteElo "2528"]
[BlackElo "2405"]

1.Nf3 Nf6 2.c4 g6 3.d4 Bg7 4.g3 O-O 5.Bg2 d6 6.O-O Nc6 7.Nc3 a6 8.Qc2 Bf5 9.e4
Bg4 10.Ne2 Nd7 11.Be3 e5 12.d5 Bxf3 13.Bxf3 Nd4 14.Bxd4 exd4 15.Rad1 d3
16.Rxd3 b5 17.cxb5 axb5 18.a3 Ra4 19.Bg2 Nc5 20.Rc3 b4 21.Rxc5 {#r} 1-0

[Event "Graz Open A 2017"]
[Site "masterchessopen.com Graz AUT"]
[Date "2017.02.23"]
[Round "5.10"]
[White "Loeffler,S"]
[Black "Petrov,N"]
[Result "0-1"]
[WhiteElo "2379"]
[BlackElo "2509"]

1.Nf3 d5 2.d4 Nf6 3.c4 c6 4.Qc2 dxc4 5.Qxc4 Bg4 6.Nbd2 Nbd7 7.h3 Bh5 8.g4 Bg6
9.Bg2 e6 10.O-O Be7 11.Re1 O-O 12.e4 c5 13.Ne5 cxd4 14.Nxg6 hxg6 15.e5 Nd5
16.Nb3 Rc8 17.Qxd4 Nb4 18.Be4 Nc2 19.Bxc2 Rxc2 20.Be3 Qc7 21.Rec1 Nxe5 22.Rxc2
Nf3+ 23.Kg2 Nh4+ 24.Kf1 Qxc2 25.Rc1 e5 26.Qd7 Qe4 27.Qxe7 Qh1+ 28.Ke2 Qf3+
29.Kd3 Qd5+ 30.Kc3 Nf3 31.Nc5 Rc8 32.Kb4 Qxa2 33.Na4 {#R} 0-1

[Event "Graz Open A 2017"]
[Site "masterchessopen.com Graz AUT"]
[Date "2017.02.23"]
[Round "5.11"]
[White "Krysa,L"]
[Black "Tomazini,Z"]
[Result "1-0"]
[WhiteElo "2503"]
[BlackElo "2402"]

1.d4 Nf6 2.c4 e6 3.Nc3 Bb4 4.Qc2 O-O 5.Nf3 d6 6.Bd2 Nc6 7.a3 Bxc3 8.Bxc3 Re8
9.Rd1 Qe7 10.b4 e5 11.d5 Nb8 12.e4 Nh5 13.g3 g6 14.Bg2 f5 15.exf5 Bxf5 16.Qe2
Nd7 17.h3 e4 18.Nd4 e3 19.O-O exf2+ 20.Qxf2 Qe3 21.Qxe3 Rxe3 22.Rf3 Rxf3
23.Bxf3 Nxg3 24.Kh2 Ne4 25.Bxe4 Bxe4 26.Re1 Re8 27.Nb5 Nb6 28.Nxc7 Rc8 29.Rxe4
Rxc7 30.c5 dxc5 31.d6 Rc8 32.bxc5 Rxc5 33.Re8+ Kf7 34.Re7+ Kf8 35.Bb4 Rd5
36.d7 a5 37.Re5+ axb4 38.Rxd5 {#r} 1-0

[Event "Graz Open A 2017"]
[Site "masterchessopen.com Graz AUT"]
[Date "2017.02.23"]
[Round "5.14"]
[White "Sanal,V"]
[Black "Iniyan,P"]
[Result "1-0"]
[WhiteElo "2475"]
[BlackElo "2396"]

1.Nf3 Nf6 2.g3 g6 3.b3 Bg7 4.Bb2 O-O 5.Bg2 d6 6.d4 e5 7.dxe5 Nfd7 8.Nc3 Nxe5
9.Qd2 Nxf3+ 10.Bxf3 Nc6 11.O-O-O Qf6 12.Kb1 Rb8 13.Qc1 Ne5 14.Nd5 Qd8 15.h4 h5
16.Qg5 c6 17.Ne7+ Kh7 18.Bxh5 Qe8 19.Bxg6+ Nxg6 20.Qh5+ Bh6 21.Nxc8 Rxc8
22.Bc1 {#r} 1-0

[Event "Graz Open A 2017"]
[Site "masterchessopen.com Graz AUT"]
[Date "2017.02.23"]
[Round "5.15"]
[White "Livaic,Leon"]
[Black "Sredojevic,I"]
[Result "0-1"]
[WhiteElo "2460"]
[BlackElo "2346"]

1.d4 Nf6 2.c4 e5 3.dxe5 Ng4 4.e4 Nxe5 5.f4 Nec6 6.Nf3 Bc5 7.Bd3 d6 8.Qe2 Nb4
9.Nc3 Nxd3+ 10.Qxd3 a6 11.Be3 Bxe3 12.Qxe3 Bg4 13.O-O O-O 14.Nd4 Bd7 15.Rad1
Re8 16.f5 f6 17.c5 dxc5 18.Ne6 Qc8 19.Nd5 Bxe6 20.fxe6 Rxe6 21.Qh3 Nc6 22.Nxc7
Rxe4 23.Nxa8 Qxa8 24.Rfe1 Rxe1+ 25.Rxe1 Ne5 26.Qe6+ Kh8 27.Rd1 c4 28.Rd6 h5
29.Qf5 Kg8 30.Qxh5 Qc8 31.Rd5 b5 32.h3 b4 33.Qd1 Qc7 34.Rd8+ Kf7 35.Qh5+ Ke6
36.Re8+ Kd7 37.Rg8 Kd6 38.Qe8 c3 39.bxc3 bxc3 40.Qf8+ Kd5 41.Qa8+ Qc6 42.Qd8+
Ke4 43.Qd1 c2 44.Qe1+ Kf5 45.Qc1 Nd3 46.Qf1+ Ke6 {#R} 0-1

[Event "Graz Open A 2017"]
[Site "masterchessopen.com Graz AUT"]
[Date "2017.02.23"]
[Round "5.16"]
[White "Yilmazyerli,M"]
[Black "Erenberg,Ariel"]
[Result "0-1"]
[WhiteElo "2454"]
[BlackElo "2342"]

1.d4 Nf6 2.Bf4 d5 3.e3 e6 4.Nf3 Bd6 5.Bg3 O-O 6.Bd3 c5 7.c3 Qc7 8.Nbd2 Nbd7
9.Bh4 b6 10.O-O Bb7 11.Qe2 Ne4 12.Bg3 Nxg3 13.hxg3 c4 14.Bc2 f5 15.Ng5 Rae8
16.Ba4 Bc6 17.Bxc6 Qxc6 18.f4 b5 19.a3 a5 20.g4 Nf6 21.gxf5 exf5 22.Qf3 Re7
23.Rae1 h6 24.Nh3 b4 25.axb4 axb4 26.Nf2 bxc3 27.bxc3 Rfe8 28.Re2 Qc7 29.Nd1
Kh8 30.Qh3 Ng4 31.Nf3 Bxf4 32.Nh4 Bxe3+ 33.Kh1 Re4 34.Rxf5 Bxd4 35.Rxe4 Rxe4
36.Nf3 Bf6 37.Rxd5 Qf4 38.Kg1 Bxc3 39.Qh5 Bd4+ 40.Kf1 Bf6 41.Rc5 c3 42.Rc6 Kh7
43.Rc8 Rd4 {#R} 0-1

[Event "Graz Open A 2017"]
[Site "masterchessopen.com Graz AUT"]
[Date "2017.02.23"]
[Round "5.19"]
[White "Bao,Q"]
[Black "Christiansen,Johan-Sebastian"]
[Result "1-0"]
[WhiteElo "2376"]
[BlackElo "2432"]

1.Nf3 d5 2.g3 Nf6 3.Bg2 Bg4 4.O-O Nbd7 5.h3 Bh5 6.d3 c6 7.Qe1 e6 8.Nbd2 Bc5
9.b3 a5 10.a3 d4 11.Bb2 e5 12.c3 dxc3 13.Bxc3 Nd5 14.Bb2 Qc7 15.Rc1 Ba7 16.Nc4
f6 17.d4 e4 18.Nh4 O-O 19.Bxe4 Rae8 20.Bf3 Bxf3 21.Nxf3 a4 22.e4 axb3 23.Ncd2
f5 24.e5 f4 25.g4 h5 26.Qe4 N7f6 27.Qg6 hxg4 28.Ng5 Ne7 29.Qd3 Qa5 30.hxg4 g6
31.Bc3 Qd5 32.Qh3 Nh5 33.gxh5 Rf5 34.Ndf3 Kg7 35.h6+ Kh8 36.Qg4 Ng8 37.Kg2 Bb6
38.Rh1 Bd8 39.Nh3 Nxh6 40.Nxf4 Rh5 41.Nxg6+ {#r} 1-0

[Event "Graz Open A 2017"]
[Site "masterchessopen.com Graz AUT"]
[Date "2017.02.23"]
[Round "5.21"]
[White "Yildiz,B"]
[Black "Nitin,S"]
[Result "1-0"]
[WhiteElo "2331"]
[BlackElo "2428"]

1.d4 Nf6 2.c4 g6 3.Nc3 Bg7 4.e4 d6 5.f3 O-O 6.Be3 Nbd7 7.Qd2 c5 8.Nge2 a6
9.Rd1 b5 10.dxc5 Ne5 11.Nc1 bxc4 12.cxd6 exd6 13.Be2 Rb8 14.O-O Re8 15.b3 cxb3
16.Nxb3 Qc7 17.Rc1 Qe7 18.Na5 Qd8 19.Nc4 Nxc4 20.Bxc4 a5 21.Rfd1 Be6 22.Bxe6
Rxe6 23.Rb1 Rc8 24.Bb6 Qe8 25.Bxa5 h5 26.Nb5 Qd7 27.Nxd6 Ra8 28.Bc3 Qa7+
29.Kh1 Qxa2 30.Ra1 {#r} 1-0

[Event "Graz Open A 2017"]
[Site "masterchessopen.com Graz AUT"]
[Date "2017.02.23"]
[Round "5.23"]
[White "Zanan,E"]
[Black "Schreiner,T"]
[Result "1-0"]
[WhiteElo "2420"]
[BlackElo "2276"]

1.e4 c5 2.Nf3 d6 3.d4 cxd4 4.Nxd4 Nf6 5.Nc3 a6 6.Nb3 e6 7.g4 Nc6 8.g5 Nd7
9.Be3 Be7 10.Qd2 Qc7 11.O-O-O b5 12.f4 Nb6 13.Qf2 Rb8 14.Kb1 b4 15.Ne2 Nc4
16.Bc1 a5 17.Ned4 Ba6 18.Nxc6 Qxc6 19.Nd4 Qb6 20.Bxc4 Bxc4 21.Be3 Qb7 22.b3
Ba6 23.f5 e5 24.Nf3 Qxe4 25.f6 gxf6 26.gxf6 Bf8 27.Rhe1 Qc6 28.Ba7 Rb5 29.Nd4
{#r} 1-0

[Event "Graz Open A 2017"]
[Site "masterchessopen.com Graz AUT"]
[Date "2017.02.23"]
[Round "5.24"]
[White "Derakhshani,Borna"]
[Black "Yilmaz,M"]
[Result "0-1"]
[WhiteElo "2236"]
[BlackElo "2621"]

1.e4 c5 2.Nf3 d6 3.Bb5+ Nd7 4.d4 cxd4 5.Qxd4 a6 6.Bxd7+ Bxd7 7.c4 Nf6 8.Bg5 e6
9.Nc3 Be7 10.Bxf6 Bxf6 11.Qxd6 Bc6 12.e5 Qxd6 13.exd6 Kd7 14.c5 b6 15.cxb6
Rab8 16.O-O-O Rxb6 17.Rhe1 Rhb8 18.Re2 Bxc3 19.bxc3 Rb1+ 20.Kd2 Bxf3 21.Rxb1
Rxb1 22.gxf3 Kxd6 23.Ke3 Rc1 24.Rd2+ Kc7 25.Rd3 Re1+ 26.Kf4 Re2 27.a4 Rxf2
28.h4 Rh2 29.Kg3 Rc2 30.Kf4 Rc1 31.Ke3 Re1+ 32.Kd2 Re5 33.Kc2 Rf5 {#R} 0-1

[Event "Graz Open A 2017"]
[Site "masterchessopen.com Graz AUT"]
[Date "2017.02.23"]
[Round "5.26"]
[White "Niemi,M"]
[Black "Istratescu,A"]
[Result "1-0"]
[WhiteElo "2253"]
[BlackElo "2599"]

1.c4 e5 2.g3 Nf6 3.Bg2 d5 4.cxd5 Nxd5 5.Nf3 Nc6 6.O-O Nb6 7.d3 Be7 8.Be3 O-O
9.Nbd2 Nd5 10.Nc4 Nxe3 11.Nxe3 Be6 12.Rc1 f6 13.a3 Rb8 14.b4 Qd7 15.Nc4 a6
16.Qc2 Rfd8 17.Rfd1 Kh8 18.Ncd2 Bd5 19.Nb3 Rbc8 20.Nc5 Bxc5 21.Qxc5 b6 22.Qe3
a5 23.bxa5 Nxa5 24.Rc3 Nb3 25.Rb1 Nc5 26.Nd2 Ra8 27.Rbc1 Bxg2 28.Kxg2 Ne6
29.Qe4 Ra7 30.Qc6 Qe7 31.Nc4 Nd4 32.Qe4 Qe8 33.Kf1 Ne6 34.Ne3 Rda8 35.Qc6 Qf7
36.Qd5 Kg8 37.Nc4 Rd8 38.Qc6 Nd4 39.Qe4 Qd7 40.Ne3 Ne6 41.Qc4 Ra4 42.Qb3 Kh8
43.Rc6 {#r} 1-0

[Event "Graz Open A 2017"]
[Site "masterchessopen.com Graz AUT"]
[Date "2017.02.23"]
[Round "5.28"]
[White "Jarmula,L"]
[Black "Paszewski,M"]
[Result "1-0"]
[WhiteElo "2475"]
[BlackElo "2280"]

1.e4 c5 2.Nf3 d6 3.d4 cxd4 4.Nxd4 Nf6 5.Nc3 g6 6.Be3 Bg7 7.f3 O-O 8.Qd2 Nc6
9.O-O-O d5 10.Qe1 e5 11.Nxc6 bxc6 12.exd5 Nxd5 13.Bc4 Be6 14.Kb1 Rb8 15.Bb3
Qc7 16.Ne4 f5 17.Nc5 Bc8 18.Qd2 Kh8 19.Bh6 Qe7 20.Bxg7+ Kxg7 21.Nd3 Ba6 22.c4
Nf6 23.Qa5 e4 24.Qxa6 exd3 25.Rxd3 Qc5 26.Qa3 Rb4 27.Re1 Rfb8 28.Rde3 R8b7
29.Re5 Qd6 30.Qa5 Rd7 31.Qc5 Qxc5 32.Rxc5 Rbb7 33.Rxc6 Rd2 34.c5 Rxg2 35.Rce6
Nd5 36.c6 Rb6 37.Bxd5 Rbxb2+ 38.Ka1 {#r} 1-0

[Event "Graz Open A 2017"]
[Site "masterchessopen.com Graz AUT"]
[Date "2017.02.23"]
[Round "5.31"]
[White "Banzea,Alexandru-Bogdan"]
[Black "Huber,Mart AUT"]
[Result "0-1"]
[WhiteElo "2245"]
[BlackElo "2393"]

1.e4 c5 2.Nf3 e6 3.d4 cxd4 4.Nxd4 Nc6 5.Nc3 Qc7 6.Be3 a6 7.Bd3 b5 8.Nxc6 Qxc6
9.e5 Bb4 10.O-O Bxc3 11.bxc3 Bb7 12.Qg4 Ne7 13.f3 Qxc3 14.Bd4 h5 15.Bxc3 hxg4
16.fxg4 Rc8 17.Bd2 Rc5 18.a4 Nc6 19.axb5 axb5 20.Bf4 Nxe5 21.Bxe5 Rxe5 22.Ra5
Ke7 23.Rxb5 Rxb5 24.Bxb5 Be4 25.Bd3 Bxd3 26.cxd3 f6 27.h3 Ra8 28.Rf3 Ra2
29.Rg3 Kd6 30.g5 f5 31.h4 Ke5 32.h5 Kf4 33.Kh2 Ra8 34.g6 Rh8 35.Rh3 Rh6
36.Rh4+ Kg5 37.Rd4 Rxh5+ 38.Kg3 d5 {#R} 0-1

[Event "Graz Open A 2017"]
[Site "masterchessopen.com Graz AUT"]
[Date "2017.02.23"]
[Round "5.32"]
[White "Drazic,S"]
[Black "Hill,Alistair"]
[Result "1-0"]
[WhiteElo "2391"]
[BlackElo "2200"]

1.b4 Nf6 2.Bb2 g6 3.c4 Bg7 4.Nf3 O-O 5.e3 d6 6.d4 Nbd7 7.Be2 c5 8.a3 Qb6 9.Nc3
cxb4 10.Na4 Qc7 11.axb4 e5 12.O-O e4 13.Nd2 h5 14.Nc3 Re8 15.Qc2 d5 16.Rfc1
dxc4 17.Nb5 Qb8 18.Nxc4 Bf8 19.Ne5 Nd5 20.Qxe4 N7f6 21.Qc2 Bf5 22.Qb3 Be6
23.Bc4 Qd8 24.Nc3 Nxb4 25.Bxe6 Rxe6 26.Ba3 a5 27.Nxg6 Ng4 28.Nxf8 Qh4 29.Nxe6
Qxf2+ 30.Kh1 Qh4 31.h3 Nf2+ 32.Kh2 Nbd3 33.Qxb7 Ng4+ 34.Kg1 Qf2+ 35.Kh1 Re8
36.Rf1 Qg1+ 37.Kxg1 {#r} 1-0

[Event "9th Batavia Blitz 2017"]
[Site "masterchessopen.com Amsterdam NED"]
[Date "2017.02.23"]
[Round "1.1"]
[White "Timmermans,M"]
[Black "Brink,B"]
[Result "1-0"]
[WhiteElo "2415"]
[BlackElo "2309"]

1.b4 e5 2.Bb2 Bxb4 3.Bxe5 Nf6 4.Nc3 O-O 5.Bxf6 Qxf6 6.Nd5 Qd6 7.c4 c6 8.Nxb4
Qxb4 9.e3 Qe7 10.Nf3 d6 11.Be2 Nd7 12.O-O Nf6 13.Qc2 Bg4 14.h3 Bh5 15.Nd4 Bxe2
16.Nxe2 Rad8 17.Rab1 c5 18.Qb3 b6 19.Nc3 Qe6 20.a4 d5 21.cxd5 Nxd5 22.Nb5 a6
23.Na3 Nb4 24.Qxe6 fxe6 25.d4 a5 26.dxc5 bxc5 27.Nc4 Rd3 28.Nxa5 Ra8 29.Nb7
Rc3 30.Rfc1 Rxc1+ 31.Rxc1 Rxa4 32.Nxc5 Ra2 33.Nxe6 Rxf2 34.Rc8+ {#r} 1-0

[Event "9th Batavia Blitz 2017"]
[Site "masterchessopen.com Amsterdam NED"]
[Date "2017.02.23"]
[Round "1.4"]
[White "Cheng,Bo"]
[Black "Lobron,E"]
[Result "0-1"]
[WhiteElo "2453"]
[BlackElo "2528"]

1.b3 e5 2.Bb2 d6 3.e3 Nf6 4.c4 Be7 5.Nc3 O-O 6.g3 c6 7.Nf3 e4 8.Nd4 d5 9.cxd5
cxd5 10.d3 Bg4 11.Be2 Bxe2 12.Qxe2 Na6 13.dxe4 dxe4 14.O-O Nc5 15.b4 Ncd7
16.Nf5 Re8 17.Rfd1 Bf8 18.Nd5 Re6 19.Nxf6+ Rxf6 20.Bxf6 Qxf6 21.Nd4 Ne5 22.Kg2
Bxb4 23.Rab1 Bc5 24.Rxb7 g6 25.h3 Bb6 26.Qc2 Nd3 27.Rxd3 exd3 {#R} 0-1

[Event "9th Batavia Blitz 2017"]
[Site "masterchessopen.com Amsterdam NED"]
[Date "2017.02.23"]
[Round "1.5"]
[White "Fier,A"]
[Black "Baron,Ta"]
[Result "1-0"]
[WhiteElo "2581"]
[BlackElo "2544"]

1.d4 Nf6 2.c4 g6 3.Nc3 d5 4.cxd5 Nxd5 5.Nf3 Bg7 6.e4 Nxc3 7.bxc3 c5 8.Be3 Qa5
9.Qd2 Nc6 10.Rc1 cxd4 11.cxd4 Qxd2+ 12.Kxd2 O-O 13.d5 Rd8 14.Kc2 Na5 15.Bd3 e6
16.Bd2 b6 17.Bxa5 bxa5 18.Bc4 Bb7 19.Rhd1 Rac8 20.Kb3 Bh6 21.Rc2 a4+ 22.Kb2
a3+ 23.Kb3 Rb8 24.Kxa3 Bf8+ 25.Ka4 exd5 26.exd5 Bc8 27.Ne5 Bd6 28.Nc6 Bd7
29.Bb5 a6 30.Bxa6 Rb4+ 31.Ka5 Bxc6 32.dxc6 Rf4 33.Rxd6 Rxd6 34.c7 Rf5+ 35.Bb5
{#r} 1-0

[Event "9th Batavia Blitz 2017"]
[Site "masterchessopen.com Amsterdam NED"]
[Date "2017.02.23"]
[Round "2.1"]
[White "Brink,B"]
[Black "Lobron,E"]
[Result "0-1"]
[WhiteElo "2309"]
[BlackElo "2528"]

1.d4 Nf6 2.Bf4 d6 3.Nf3 Nbd7 4.Nc3 Nh5 5.Bg5 h6 6.Bh4 g5 7.Bg3 Bg7 8.e3 e6
9.Be2 Qe7 10.Nd2 Nxg3 11.hxg3 O-O 12.f4 c5 13.Nf3 g4 14.Nd2 f5 15.Nc4 cxd4
16.exd4 a6 17.a4 b6 18.Qd2 Bb7 19.Rh2 Rac8 20.O-O-O Rc7 21.d5 e5 22.fxe5 Nxe5
23.Nxb6 Rc5 24.Qf4 Qc7 25.Rxh6 Qxb6 {#R} 0-1

[Event "9th Batavia Blitz 2017"]
[Site "masterchessopen.com Amsterdam NED"]
[Date "2017.02.23"]
[Round "2.3"]
[White "Leenhouts,K"]
[Black "Lai,Hing Ting"]
[Result "1-0"]
[WhiteElo "2487"]
[BlackElo "2392"]

1.d4 Nf6 2.c4 e6 3.Nf3 b6 4.g3 Ba6 5.Qc2 Bb7 6.Bg2 c5 7.d5 exd5 8.cxd5 Nxd5
9.O-O Be7 10.Rd1 Nc6 11.Qf5 Nf6 12.e4 g6 13.Qf4 O-O 14.e5 Nh5 15.Qc4 Rc8
16.Nc3 Ng7 17.Bh6 Qe8 18.Qe2 Nd8 19.Nd5 Bxd5 20.Rxd5 Nde6 21.Rad1 Rc7 22.h4
Qc8 23.b3 Rd8 24.Nd2 Nf5 25.Be3 d6 26.exd6 Rxd6 27.Rxd6 Bxd6 28.Ne4 Be5 29.Rd5
Bg7 30.Bh3 Nxe3 31.Qxe3 Re7 32.Nd6 Qd7 33.Nf5 {#r} 1-0

[Event "9th Batavia Blitz 2017"]
[Site "masterchessopen.com Amsterdam NED"]
[Date "2017.02.23"]
[Round "2.4"]
[White "Timmermans,M"]
[Black "Fier,A"]
[Result "0-1"]
[WhiteElo "2415"]
[BlackElo "2581"]

1.b4 e5 2.Bb2 Bxb4 3.Bxe5 Nf6 4.Nc3 Nc6 5.Bxf6 Qxf6 6.Nd5 Qd6 7.c4 Ba5 8.Nf3
O-O 9.e3 Ne5 10.Nxe5 Qxe5 11.Be2 c6 12.Nf4 Qb2 13.Rc1 Bc7 14.Rc2 Qf6 15.Nh5
Qh4 16.Ng3 Bxg3 17.fxg3 Qf6 18.Bf3 d6 19.O-O Qe7 20.Rb2 Be6 21.Qc2 Rad8
22.Rfb1 Rd7 23.Kf2 Rfd8 24.d4 d5 25.cxd5 cxd5 26.Qd2 Rc8 27.Rc1 Rdc7 28.Rbc2
g6 29.Rc3 Qb4 30.a3 Qa5 {#R} 0-1

[Event "9th Batavia Blitz 2017"]
[Site "masterchessopen.com Amsterdam NED"]
[Date "2017.02.23"]
[Round "3.1"]
[White "Fier,A"]
[Black "Brink,B"]
[Result "1-0"]
[WhiteElo "2581"]
[BlackElo "2309"]

1.d4 Nf6 2.Bg5 d5 3.Nd2 Nbd7 4.e3 e6 5.Bd3 Be7 6.f4 b6 7.Ngf3 Bb7 8.c3 c5
9.Ne5 O-O 10.Qc2 h6 11.h4 Nxe5 12.fxe5 Ng4 13.Bxe7 Qxe7 14.Rh3 f5 15.Nf1 Rac8
16.Qe2 Bc6 17.Nh2 h5 18.Nf3 Qd7 19.Ng5 Rce8 20.O-O-O b5 21.Qc2 b4 22.cxb4 cxb4
23.Kb1 Bb5 24.Bxb5 Qxb5 25.Rc1 Re7 26.Rf3 a5 27.Ka1 a4 28.Qc6 Qe2 29.Nxe6 Qxg2
30.Nxf8 Qxf3 31.Qc8 Kf7 32.Nh7 Qxe3 33.Ng5+ Kg6 34.Qc6+ Nf6 35.exf6 gxf6
36.Nh3 Qxh3 37.Rg1+ Kh7 38.Qxf6 Qe3 39.Qg6+ {#r} 1-0

[Event "9th Batavia Blitz 2017"]
[Site "masterchessopen.com Amsterdam NED"]
[Date "2017.02.23"]
[Round "3.3"]
[White "Cheng,Bo"]
[Black "Leenhouts,K"]
[Result "1-0"]
[WhiteElo "2453"]
[BlackElo "2487"]

1.d4 Nf6 2.Bg5 d5 3.Bxf6 exf6 4.e3 Bd6 5.Bd3 O-O 6.Qf3 c6 7.Nd2 Nd7 8.Ne2 Re8
9.O-O-O Nf8 10.g4 c5 11.dxc5 Bxc5 12.h4 Be6 13.Nb3 Be7 14.Rdg1 a5 15.Nbd4 a4
16.g5 a3 17.b3 Rc8 18.Nf4 Rc3 19.Nh5 fxg5 20.hxg5 Qa5 21.Nf6+ Bxf6 22.gxf6 g6
23.Qf4 Qd8 24.Rg3 Rxd3 25.cxd3 {#r} 1-0

[Event "9th Batavia Blitz 2017"]
[Site "masterchessopen.com Amsterdam NED"]
[Date "2017.02.23"]
[Round "3.4"]
[White "Lobron,E"]
[Black "Van Foreest,Lucas"]
[Result "1-0"]
[WhiteElo "2528"]
[BlackElo "2453"]

1.d4 Nf6 2.Nf3 d5 3.c4 e6 4.Nc3 c6 5.Bg5 h6 6.Bh4 g5 7.Bg3 dxc4 8.e4 b5 9.e5
Nd5 10.Nd2 Nxc3 11.bxc3 Be7 12.Be2 Bb7 13.Rb1 Nd7 14.Nxc4 bxc4 15.Rxb7 Nb6
16.O-O Qc8 17.Rxe7+ Kxe7 18.f4 Nd5 19.Qd2 gxf4 20.Bxf4 Qg8 21.Bxc4 Qg7 22.Qc1
Rhg8 23.Qa3+ Ke8 24.Bg3 Nb6 25.Qd6 Rc8 26.Bxe6 fxe6 27.Qxe6+ Kd8 28.Rf7 Qg5
29.h4 Qc1+ 30.Kh2 Qa3 31.h5 Rxg3 32.Kxg3 Rc7 33.Rf3 Rg7+ 34.Kh3 Qe7 35.Qxc6
Rg5 36.g4 Rg8 37.Qxh6 Kc7 38.Qf6 Qd7 39.Qf7 Nd5 40.Qxg8 {#r} 1-0

[Event "9th Batavia Blitz 2017"]
[Site "masterchessopen.com Amsterdam NED"]
[Date "2017.02.23"]
[Round "3.5"]
[White "Lai,Hing Ting"]
[Black "Baron,Ta"]
[Result "1-0"]
[WhiteElo "2392"]
[BlackElo "2544"]

1.b3 b6 2.Bb2 Bb7 3.c4 c5 4.e3 e6 5.Nf3 Nf6 6.Qc2 Qc7 7.Be2 Be7 8.O-O O-O 9.d4
cxd4 10.exd4 d5 11.Nbd2 Nbd7 12.Rac1 Rac8 13.Bd3 Rfe8 14.Qd1 Qb8 15.Qe2 Qa8
16.Qe3 Nf8 17.c5 bxc5 18.dxc5 Ng6 19.b4 Ng4 20.Qd4 Bf6 21.Qxg4 Bxb2 22.Rc2 Bf6
23.b5 Qb8 24.Nb3 Nf4 25.Rd1 Nxd3 26.Rxd3 e5 27.Rd1 d4 28.c6 Ba8 29.a4 a6
30.Nc5 axb5 31.Nd7 Qd6 32.axb5 d3 33.Rc4 h5 34.Qe4 Rc7 35.Rxd3 Qe6 36.Nc5 Qg4
37.Qd5 Qg6 38.Qe4 Ra7 39.g3 Ra1+ 40.Kg2 Qxe4 41.Nxe4 Bd8 42.Nd6 Rf8 43.Nxe5
Bc7 44.Nd7 Rd8 45.Nb7 Re8 46.b6 Bxb6 47.Nxb6 {#r} 1-0

[Event "9th Batavia Blitz 2017"]
[Site "masterchessopen.com Amsterdam NED"]
[Date "2017.02.23"]
[Round "4.1"]
[White "Brink,B"]
[Black "Van Foreest,Lucas"]
[Result "0-1"]
[WhiteElo "2309"]
[BlackElo "2453"]

1.d4 Nf6 2.Bf4 d6 3.Nc3 Bf5 4.f3 Bg6 5.e4 Nc6 6.Bb5 a6 7.Ba4 Nd7 8.Bg3 b5
9.Bb3 e6 10.Nge2 Be7 11.Nf4 Bh4 12.Qd2 Bxg3+ 13.hxg3 Qg5 14.Rh3 Na5 15.O-O-O
Nxb3+ 16.axb3 O-O-O 17.Rdh1 h6 18.Nxg6 Qxd2+ 19.Kxd2 fxg6 20.f4 c5 21.dxc5
Nxc5 22.b4 Nd7 23.Ke3 Nb6 24.b3 d5 25.exd5 Rhe8 26.d6 Rxd6 27.Re1 Rc6 28.Ne4
e5 29.Rd1 exf4+ 30.gxf4 Rc3+ 31.Rd3 Rxd3+ 32.Kxd3 Rd8+ 33.Ke2 Nd5 34.Kf3 Nxb4
35.Rg3 Nxc2 36.Rxg6 Nd4+ 37.Ke3 Nf5+ 38.Kf2 Rd4 {#R} 0-1

[Event "9th Batavia Blitz 2017"]
[Site "masterchessopen.com Amsterdam NED"]
[Date "2017.02.23"]
[Round "4.5"]
[White "Baron,Ta"]
[Black "Cheng,Bo"]
[Result "0-1"]
[WhiteElo "2544"]
[BlackElo "2453"]

1.d4 e6 2.Bf4 d5 3.e3 Bd6 4.Bg3 Nf6 5.Nf3 O-O 6.Nbd2 c5 7.c3 b6 8.Bd3 Ba6
9.Bxa6 Nxa6 10.O-O Nb8 11.Qe2 Nc6 12.Rad1 Rc8 13.Rfe1 cxd4 14.exd4 Ne7 15.Qa6
Rc7 16.Bxd6 Qxd6 17.Ne5 Rb8 18.h3 h6 19.Re2 Ne8 20.Rde1 b5 21.Qxd6 Nxd6 22.a3
a5 23.Nb3 b4 24.Nc5 Ra7 25.Ncd7 Rc8 26.axb4 axb4 27.cxb4 Nb5 28.Rd2 f6 29.Nb6
Rcc7 30.Nf3 Rc6 {#R} 0-1

[Event "9th Batavia Blitz 2017"]
[Site "masterchessopen.com Amsterdam NED"]
[Date "2017.02.23"]
[Round "5.1"]
[White "Beerdsen,Thomas"]
[Black "Brink,B"]
[Result "1-0"]
[WhiteElo "2422"]
[BlackElo "2309"]

1.e4 c5 2.Nf3 e6 3.b3 a6 4.c4 Nc6 5.Bb2 Qc7 6.d4 cxd4 7.Nxd4 Qe5 8.f4 Qxe4+
9.Be2 Bb4+ 10.Kf1 Nf6 11.Bf3 Qe3 12.Nc2 Qxf4 13.Nxb4 Nxb4 14.g3 Qf5 15.Kg2
Qc2+ 16.Qd2 O-O 17.Ba3 Qxd2+ 18.Nxd2 a5 19.Rad1 Re8 20.Ne4 Nxe4 21.Bxe4 d5
22.Bf3 Nxa2 23.cxd5 exd5 24.Rxd5 Nc3 25.Rc5 b5 26.Bxa8 Re2+ 27.Kf3 Bf5 28.Rxc3
b4 29.Kxe2 {#r} 1-0